Bioprocess engineering: basic concepts

Đã lưu trong:
Chi tiết về thư mục
Những tác giả chính: Shuler, Michael L (Tác giả), Kargi, Fikret (Tác giả), DeLisa, Matthew (Tác giả)
Định dạng: Sách
Ngôn ngữ:Tiếng Anh
Được phát hành: Boston Prentice Hall 2017
Phiên bản:Third Edition
Những chủ đề:
Các nhãn: Thêm thẻ
Không có thẻ, Là người đầu tiên thẻ bản ghi này!

MARC

LEADER 00000cam a2200000 a 4500
001 UCC2565
003 CL-VaPUC
005 20210316001243.0
008 180309e20170000us |||||||||||||||||eng|d
999 |c 370632  |d 370630 
020 |a 9780137062706 
020 |a 0137062702 
040 |c Pontificia Universidad Católica de Valparaíso 
082 0 4 |a 660.63 SHU 2017 
100 1 |a Shuler, Michael L  |e author  |9 596623 
245 1 0 |a Bioprocess engineering: basic concepts 
250 |a Third Edition 
260 |a Boston  |b Prentice Hall  |c 2017 
300 |a 632 p 
583 |c 20200324 
650 0 |a Ingeniería bioquímica   |9 260241 
650 7 |a BIOQUIMICA INDUSTRIAL  |2 CL-VaPUC  |9 407622 
650 7 |a INGENIERIA QUIMICA  |2 CL-VaPUC  |9 8 
700 0 |a Kargi, Fikret  |e author  |9 596624 
700 0 |a DeLisa, Matthew  |e author  |9 596625 
942 |c BK  |2 ddc 
945 |d 20180309 22:06:00  |a arojas 
952 |0 0  |1 0  |3 erd  |4 0  |6 660_630000000000000_SHU_2017  |7 0  |8 A  |9 487184  |a BIBING  |b BIBING  |i 5452651  |l 1  |o 660.63 SHU 2017  |p 5452651  |r 2025-01-20  |s 2023-11-28  |w 2019-11-24  |y BK  |z Catalogado en:20180309  |k EIB 
952 |0 0  |1 0  |3 erd  |4 0  |6 660_630000000000000_SHU_2017  |7 0  |8 A  |9 487185  |a BIBING  |b BIBING  |i 5459117  |o 660.63 SHU 2017  |p 5459117  |r 2023-03-02  |w 2019-11-24  |y BK  |z Catalogado en:20180323  |k EIB 
952 |0 0  |1 0  |3 erd  |4 0  |6 660_630000000000000_SHU_2017  |7 0  |8 A  |9 487186  |a BIBING  |b BIBING  |i 5471958  |l 5  |m 2  |o 660.63 SHU 2017  |p 5471958  |r 2025-01-20  |s 2023-11-28  |w 2019-11-24  |y BK  |z Catalogado en:20180527  |k EIB 
952 |0 0  |1 0  |3 erd  |4 0  |6 660_630000000000000_SHU_2017  |7 0  |8 A  |9 487187  |a BIBING  |b BIBING  |i 547194K  |l 4  |m 2  |o 660.63 SHU 2017  |p 547194K  |r 2025-01-20  |s 2024-10-28  |w 2019-11-24  |y BK  |z Catalogado en:20180527  |k EIB 
952 |0 0  |1 0  |3 erd  |4 0  |6 660_630000000000000_SHU_2017  |7 0  |8 A  |9 487188  |a BIBING  |b BIBING  |i 5471931  |l 4  |m 1  |o 660.63 SHU 2017  |p 5471931  |r 2025-01-20  |s 2024-09-30  |w 2019-11-24  |y BK  |z Catalogado en:20180527  |k EIB 
952 |0 0  |1 0  |3 erd  |4 0  |6 660_630000000000000_SHU_2017  |7 0  |8 A  |9 487189  |a BIBING  |b BIBING  |i 5471923  |l 4  |o 660.63 SHU 2017  |p 5471923  |r 2025-01-20  |s 2024-01-18  |w 2019-11-24  |y BK  |z Catalogado en:20180527  |k EIB 
952 |0 0  |1 0  |2 ddc  |4 0  |6 660_630000000000000_SHU_2017  |7 0  |8 A  |9 560933  |a BIBING  |b BIBING  |c GEN  |d 2020-03-10  |e 1  |g 162426.00  |i 5573718  |l 4  |m 1  |o 660.63 SHU 2017  |p 5573718  |r 2025-01-20  |s 2023-11-28  |t 7  |v 162426.00  |w 2020-03-10  |y BK  |k EIB